| 000 | 00674nam a2200217Ii 4500 | ||
|---|---|---|---|
| 003 | JO-AjNU | ||
| 008 | 230606s9999||||xx |||||||||||||| ||und|| | ||
| 020 | _a978-0-19-437-21-8 | ||
| 040 |
_aJO-AjNU _beng _erda _cJO-AjNU |
||
| 041 | _aeng | ||
| 050 | 1 | 4 | _aP118.S33 2009 |
| 100 | 3 |
_aScovel,Thomas تأليف, _eauthor _91996 |
|
| 245 | 0 | 0 | _aPsycholinguistics :Oxford Introdution To Language Study |
| 250 | _a2 ed | ||
| 264 | 3 | 1 | _aNew York:Oxford University Press,2009 |
| 300 | _a135p | ||
| 336 |
_atext _btxt _2rdacontent |
||
| 337 |
_aunmediated _bn _2rdamedia |
||
| 338 |
_avolume _bnc _2rdacarrier |
||
| 650 | 4 |
_aPsycholinguistics -Introdution To Language Study _91997 |
|
| 999 |
_aE1049 _c1049 _d1049 |
||